Jeux de société par indice - Statistiques

Statistiques générales
  • Ce quiz a été pris 16 792 fois
  • Le résultat moyen est 11 sur 20
Statistiques - réponses
Indice Réponse % Correct
Créé pour dénoncer le capitalisme, dont il est devenu un symbole Monopoly
94%
Là où la rose et la pervenche côtoient la moutarde et l'olive Cluedo
76%
Une seule solution pour sortir de l'écurie : faire un six... Petits chevaux
74%
Camemberts de toutes les couleurs, unissez-vous ! Trivial pursuit
74%
Ils peuvent tomber tous en chaîne les uns sur les autres Dominos
71%
Jeu de cartes à base d'enchères - revenu en force avec les versions en ligne Poker
70%
63 cases en spirale, à parcourir sans tomber dans le puits Jeu de l'oie
69%
Il était initialement édité sous le nom « La Conquête du Monde » Risk
63%
On ne prend pas sans atout maître, sous peine d'être dedans ! Belote
57%
Supporter la sienne c'est déjà compliqué, alors en gérer sept ! Sept familles
54%
Apologie de la voiture individuelle, bien que les bottes aient le pouvoir 1000 bornes
50%
Pas tant pour savoir de quoi sera fait l'avenir que pour mener le petit au bout Tarot
46%
Un jeu ancestral auquel Cro-Magnon devait jouer avec les restes de son repas Osselets
43%
Tuiles chinoises, où les vents peuvent appeler les fleurs et les saisons Mah-jong
42%
Jeu de stratégie emblématique, où s'affrontèrent Russes et Américains Échecs
40%
Jeu d'adresse au nom japonisant, où il ne faut pas bouger ! PAS BOUGER !!! Mikado
36%
Un jeu de plateau pas si sexiste que ça... Dames
34%
Un jeu où le whisky et le zythum valent vraiment très cher Scrabble
28%
Une personne de petite taille souffrant d'un ictère Nain jaune
26%
Encerclez-moi ça ! Allez, allez ! Go
22%
Aucun quiz correspondant
Distribution des résultats
% des personnes avec chaque résultat
Percentile par nombre de réponses
Votre historique - résultats
Vous n’avez pas pris ce quiz